00349nam a22001457a 4500003000400000005001700004008004100021020001500062040000700077082001000084100002100094245004900115260003100164300000800195OSt20211223094158.0211223b |||||||| |||| 00| 0 eng d a0072124806 cHU a004.6 aThomas M. Thomas aBcran: Building Cisco Remote Access Networks aMe Graw HillbMe Graw Hill f747